ARRUPE JESUIT UNIVERSITY

CORONAVIRUS -STOP THE SPREAD - CLEAN,DISINFECT,COVER

The binding truth : (Record no. 123730)

MARC details
000 -LEADER
fixed length control field 01139cam a2200277 a 4500
001 - CONTROL NUMBER
control field 4240678
003 - CONTROL NUMBER IDENTIFIER
control field ARRUPE
005 - DATE AND TIME OF LATEST TRANSACTION
control field 20151104114528.0
008 - FIXED-LENGTH DATA ELEMENTS--GENERAL INFORMATION
fixed length control field 830222m19839999pau 000 0 eng
010 ## - LIBRARY OF CONGRESS CONTROL NUMBER
LC control number 83003983
020 ## - INTERNATIONAL STANDARD BOOK NUMBER
International Standard Book Number 0915138654 (pbk. : v. 1)
020 ## - INTERNATIONAL STANDARD BOOK NUMBER
Cancelled/invalid ISBN 0915138697 (pbk. : v. 2)
040 ## - CATALOGING SOURCE
Original cataloging agency DLC
Transcribing agency DLC
Modifying agency DLC
050 00 - LIBRARY OF CONGRESS CALL NUMBER
Classification number BS2341.3
Item number .N48 1983
082 00 - DEWEY DECIMAL CLASSIFICATION NUMBER
Classification number 225.6
Edition number 19
300 ## - PHYSICAL DESCRIPTION
Dimensions 22 cm.
100 1# - MAIN ENTRY--PERSONAL NAME
Personal name Neumann, Frederick,
Dates associated with a name 1899-1967.
9 (RLIN) 20896
245 14 - TITLE STATEMENT
Title The binding truth :
Remainder of title a selective homiletical commentary on the New Testament /
Statement of responsibility, etc by Frederick Neumann ; with a preface by Edith Neumann and an introduction by David H.C. Read.
260 ## - PUBLICATION, DISTRIBUTION, ETC. (IMPRINT)
Place of publication, distribution, etc Allison Park, Pa. :
Name of publisher, distributor, etc Pickwick Publications,
Date of publication, distribution, etc 1983-<1984 >
300 ## - PHYSICAL DESCRIPTION
Extent v. <1-2 > ;
500 ## - GENERAL NOTE
General note Vol. 2, with an introd. by Donald G. Miller.
505 1# - FORMATTED CONTENTS NOTE
Formatted contents note v. 1. The proper self-concern, the Gospel according to Matthew -- v. 2. Why are you afraid?, the Gospels of Mark and John.
630 00 - SUBJECT ADDED ENTRY--UNIFORM TITLE
Uniform title Bible.
Name of part/section of a work New Testament
General subdivision Sermons.
9 (RLIN) 20897
650 #0 - SUBJECT ADDED ENTRY--TOPICAL TERM
Topical term or geographic name as entry element Sermons, American
Chronological subdivision 20th century.
9 (RLIN) 3003
906 ## - LOCAL DATA ELEMENT F, LDF (RLIN)
a 7
b cbc
c orignew
d 1
e ocip
f 19
g y-gencatlg
942 ## - ADDED ENTRY ELEMENTS (KOHA)
Source of classification or shelving scheme Library of Congress Classification
Koha item type Monograph ( Printed materials)
Holdings
Withdrawn status Lost status Source of classification or shelving scheme Damaged status Not for loan Collection code Home library Current library Shelving location Date acquired Total Checkouts Full call number Barcode Date last seen Price effective from Koha item type
    Library of Congress Classification     Main Collection ARRUPE LIBRARY ARRUPE LIBRARY Main Collection 04/11/2015   BS2341.3 .N48 1983 46500005365 04/11/2015 04/11/2015 Monograph ( Printed materials)
    Library of Congress Classification     Main Collection ARRUPE LIBRARY ARRUPE LIBRARY Main Collection 24/08/2016   BS2341.3N48 1983 46500008318 24/08/2016 24/08/2016 Monograph ( Printed materials)

 

Arrupe Library. PO Box MP320 Mt Pleasant, Harare, Zimbabwe
263 242 745411|librarian@aju.ac.zw